[Event "119th Scottish Championship"]
[Site "Glasgow"]
[Date "2012.07.14"]
[Round "8"]
[White "O'Molloy, Eamonn"]
[Black "Herbold, Manfred"]
[Result "1/2-1/2"]
[WhiteElo "1904"]
[BlackElo "2143"]
[PlyCount "101"]
[EventDate "2012.07.07"]
[EventType "swiss"]
[EventRounds "9"]
[EventCountry "SCO"]
[Source "Chess Scotland"]
[SourceDate "2012.07.24"]

1. e4 Nc6 2. Nf3 Nf6 3. Nc3 d5 4. exd5 Nxd5 5. Nxd5 Qxd5 6. d4 e5 7. dxe5 Qxd1+
8. Kxd1 Bg4 9. Bd3 Bc5 10. Bf4 O-O-O 11. Ke1 Rhe8 12. Kf1 Bxf3 13. gxf3 Nxe5
14. Bxe5 Rxe5 15. Re1 Rde8 16. Rxe5 Rxe5 17. Rg1 g6 18. f4 Re6 19. f5 Rb6 20.
fxg6 fxg6 21. b3 Rf6 22. Rg2 Rf4 23. Ke2 Kd7 24. f3 Rh4 25. Kf1 Bd6 26. Kg1 Ke6
27. Re2+ Kf6 28. Be4 b6 29. Rg2 Bf4 30. Re2 a5 31. a4 g5 32. Bd5 Be5 33. Be4 h5
34. Rg2 Rf4 35. Re2 Bd4+ 36. Kg2 Be5 37. h3 Bd6 38. Bd3 h4 39. Re4 Rxe4 40.
Bxe4 Ke5 41. Kf2 Bc5+ 42. Ke2 Kf4 43. Bc6 Ke5 44. Bd7 Kd4 45. Bf5 Kc3 46. Bd3
Kb4 47. Bb5 Bd6 48. Kd3 Kc5 49. Bd7 Kd5 50. Bf5 Ke5 51. Bd7 1/2-1/2

[Event "119th Scottish Championship"]
[Site "Glasgow"]
[Date "2012.07.14"]
[Round "8"]
[White "Dawson, Alastair"]
[Black "Mitchell, Robert"]
[Result "1/2-1/2"]
[WhiteElo "1891"]
[BlackElo "2125"]
[PlyCount "33"]
[EventDate "2012.07.07"]
[EventType "swiss"]
[EventRounds "9"]
[EventCountry "SCO"]
[Source "Chess Scotland"]
[SourceDate "2012.07.24"]

1. d4 d5 2. c4 e6 3. Nc3 Be7 4. cxd5 exd5 5. Bf4 Nf6 6. e3 O-O 7. Qc2 c5 8.
dxc5 Nbd7 9. Nf3 Nxc5 10. Be2 Bg4 11. O-O Rc8 12. Nd4 Nce4 13. Bxg4 Nxg4 14.
Qe2 Ngf6 15. Nxe4 Nxe4 16. Rac1 Qb6 17. Qb5 1/2-1/2

[Event "119th Scottish Championship"]
[Site "Glasgow"]
[Date "2012.07.14"]
[Round "8"]
[White "Aird, Ian"]
[Black "Nepveu, Manuel"]
[Result "1/2-1/2"]
[WhiteElo "2000"]
[BlackElo "1955"]
[PlyCount "174"]
[EventDate "2012.07.07"]
[EventType "swiss"]
[EventRounds "9"]
[EventCountry "SCO"]
[Source "Chess Scotland"]
[SourceDate "2012.07.24"]

1. e4 e6 2. d3 d5 3. Nd2 Nf6 4. Ngf3 dxe4 5. dxe4 Bc5 6. Be2 Nc6 7. O-O O-O 8.
c3 a5 9. Bb5 Bd7 10. Qe2 Qe8 11. a4 e5 12. Nc4 Bg4 13. Ne3 Bxe3 14. Qxe3 Bd7
15. b3 Qe6 16. Nd2 Ng4 17. Qg3 Rfe8 18. h3 Nf6 19. Ra2 Nh5 20. Qf3 Qg6 21. Kh2
Re6 22. Qf5 Rd6 23. Qxg6 Rxg6 24. g3 Re8 25. Nc4 Be6 26. Rd2 Bxc4 27. Bxc4 Rd6
28. Rfd1 Rxd2 29. Rxd2 Nf6 30. f3 Rd8 31. Kg2 Rxd2+ 32. Bxd2 Kf8 33. Be3 Ke8
34. Kf2 Nd7 35. Bb5 Ncb8 36. Ke2 c6 37. Bc4 Ke7 38. Kd3 f6 39. Bg8 h6 40. b4
axb4 41. cxb4 Kd6 42. Kc4 Na6 43. Bh7 Nc7 44. Kb3 Ne6 45. Bf5 Nc7 46. h4 Ne6
47. h5 Nc7 48. Bg4 Ne6 49. Kc4 Ndf8 50. f4 Nd7 51. a5 Ndf8 52. b5 cxb5+ 53.
Kxb5 Nd7 54. Bf5 Nc7+ 55. Kc4 Ne6 56. Bxe6 Kxe6 57. Kb5 Kd6 58. Bb6 Ke6 59. Bc5
Kf7 60. Kc4 exf4 61. gxf4 Ke6 62. Kd4 Nb8 63. f5+ Kd7 64. Kd5 Nc6 65. Bf8 Nxa5
66. Bxg7 Ke7 67. Bxh6 Kf7 68. Bd2 Nc6 69. Bc3 Ne7+ 70. Kd6 Ng8 71. Bd2 b5 72.
Kc5 Kg7 73. Kxb5 Nh6 74. Kc4 Ng4 75. Kd5 Nf2 76. Be1 Nd3 77. Bh4 Nf4+ 78. Kd6
Nxh5 79. Ke7 Kg8 80. Bxf6 Ng3 81. Bh4 Nxe4 82. Ke6 Kf8 83. Ke5 Nc5 84. Kd5 Nd3
85. Bg3 Kf7 86. Ke4 Nc5+ 87. Kd4 Ne6+ 1/2-1/2

[Event "119th Scottish Championship"]
[Site "Glasgow"]
[Date "2012.07.14"]
[Round "8"]
[White "Robinson, Stephen CE"]
[Black "Magee, Ronan"]
[Result "0-1"]
[WhiteElo "1710"]
[BlackElo "1965"]
[PlyCount "46"]
[EventDate "2012.07.07"]
[EventType "swiss"]
[EventRounds "9"]
[EventCountry "SCO"]
[Source "Chess Scotland"]
[SourceDate "2012.07.24"]

1. b4 d5 2. Bb2 e6 3. a3 Nf6 4. Nf3 Nbd7 5. e3 Bd6 6. c4 c6 7. c5 Bc7 8. d4 O-O
9. Nbd2 Qe7 10. Ne5 Nxe5 11. dxe5 Nd7 12. Nf3 a5 13. Qa4 f6 14. exf6 Nxf6 15.
Be5 Bxe5 16. Nxe5 Ne4 17. Nd3 Qf6 18. Ra2 Nc3 19. Qb3 Nxa2 20. Qxa2 axb4 21.
Nxb4 Qc3+ 22. Qd2 Qxd2+ 23. Kxd2 Rxf2+ 0-1

[Event "119th Scottish Championship"]
[Site "Glasgow"]
[Date "2012.07.14"]
[Round "8"]
[White "McGeoch, Kenny R"]
[Black "Zamvar, Vipin"]
[Result "0-1"]
[WhiteElo "1846"]
[BlackElo "1676"]
[PlyCount "46"]
[EventDate "2012.07.07"]
[EventType "swiss"]
[EventRounds "9"]
[EventCountry "SCO"]
[Source "Chess Scotland"]
[SourceDate "2012.07.24"]

1. c4 e5 2. g3 Nf6 3. Bg2 Bc5 4. Nc3 Nc6 5. Nf3 d6 6. d3 O-O 7. O-O Bg4 8. a3
a6 9. b4 Ba7 10. Bb2 Qd7 11. Rc1 Bh3 12. e3 Bxg2 13. Kxg2 Rad8 14. Qc2 Rfe8 15.
Nd5 Nxd5 16. cxd5 Ne7 17. Qxc7 Nxd5 18. Qxd7 Rxd7 19. Rc2 Bxe3 20. Re1 Bb6 21.
d4 f6 22. Nd2 Kf7 23. Nc4 Ba7 0-1

[Event "119th Scottish Championship"]
[Site "Glasgow"]
[Date "2012.07.14"]
[Round "8"]
[White "McCusker, Andrew"]
[Black "Brunello, Roberta"]
[Result "0-1"]
[WhiteElo "1217"]
[BlackElo "1982"]
[PlyCount "156"]
[EventDate "2012.07.07"]
[EventType "swiss"]
[EventRounds "9"]
[EventCountry "SCO"]
[Source "Chess Scotland"]
[SourceDate "2012.07.24"]

1. c4 e6 2. g3 d5 3. Bg2 Nf6 4. Nf3 Be7 5. O-O c5 6. cxd5 exd5 7. d4 c4 8. Nc3
O-O 9. Ne5 Bf5 10. Bg5 Be6 11. f4 g6 12. Qd2 Nc6 13. Bh6 Re8 14. f5 Bc8 15.
fxg6 hxg6 16. Nxd5 Nxd5 17. Nxf7 Qd7 18. Qc2 Kh7 19. Qxc4 Nb6 20. Bxc6 Nxc4 21.
Bxd7 Bxd7 22. b3 Nb6 23. Bd2 Bc6 24. Ne5 Bd5 25. e4 Bxe4 26. Rf7+ Kg8 27. Bh6
Bf8 28. Bg5 Rxe5 29. Rxf8+ Rxf8 30. dxe5 Rf5 31. Bf4 g5 32. Re1 gxf4 33. Rxe4
fxg3 34. hxg3 Kf7 35. g4 Rg5 36. Kf2 Ke6 37. Rf4 Nd7 38. Ra4 a6 39. Rb4 b6 40.
Ra4 Nc5 41. Rc4 Kxe5 42. Ke3 Kd5 43. Rd4+ Kc6 44. Rc4 Kd5 45. Rd4+ Ke6 46. Rc4
Kf6 47. Rf4+ Kg7 48. Kd2 Nd7 49. Rd4 Nf6 50. Kc1 Nxg4 51. Rd7+ Kh6 52. Ra7 a5
53. b4 axb4 54. a3 bxa3 55. Rxa3 Kg6 56. Rb3 b5 57. Kb2 Nf6 58. Ka3 Ne4 59. Kb4
Kf6 60. Ka5 Nd6 61. Kb6 Ke6 62. Kc6 Re5 63. Rb4 Re1 64. Rh4 Rc1+ 65. Kb6 Rb1
66. Kc6 Ke5 67. Rh5+ Nf5 68. Kc5 Ke4 69. Rg5 Ne3 70. Rh5 Kd3 71. Rh4 Nd1 72.
Rh3+ Ke2 73. Rh2+ Nf2 74. Kd4 Rc1 75. Rh5 Rc4+ 76. Kd5 Nd3 77. Rh2+ Ke3 78.
Rh3+ Kd2 0-1

[Event "119th Scottish Championship"]
[Site "Glasgow"]
[Date "2012.07.14"]
[Round "8"]
[White "Marks, Ian A"]
[Black "Sreeves, Clement"]
[Result "0-1"]
[WhiteElo "1914"]
[BlackElo "2175"]
[PlyCount "86"]
[EventDate "2012.07.07"]
[EventType "swiss"]
[EventRounds "9"]
[EventCountry "SCO"]
[Source "Chess Scotland"]
[SourceDate "2012.07.24"]

1. d4 Nf6 2. c4 g6 3. Nc3 d5 4. Nf3 Bg7 5. Qb3 dxc4 6. Qxc4 O-O 7. e4 Nc6 8.
Bf4 Bg4 9. Rd1 e5 10. dxe5 Nd7 11. Be2 Qe8 12. O-O Ndxe5 13. Nxe5 Bxe2 14. Qxe2
Nxe5 15. Nd5 Rc8 16. Bh6 c6 17. Bxg7 Kxg7 18. Ne3 Qe7 19. f4 Nd7 20. Nc4 Rcd8
21. Qe3 Qc5 22. Qd4+ Qxd4+ 23. Rxd4 Nb6 24. Rxd8 Rxd8 25. Nxb6 axb6 26. Rf2
Rd1+ 27. Rf1 Rd4 28. Re1 Rd2 29. Rb1 Kf6 30. h4 Re2 31. e5+ Kf5 32. Rd1 Kxf4
33. Rd7 Kg3 34. Kf1 Rxe5 35. Rxb7 Rf5+ 36. Kg1 b5 37. Ra7 Kxh4 38. a4 bxa4 39.
Rxa4+ Kg5 40. b4 Rb5 41. Ra6 Rxb4 42. Rxc6 f5 43. Kf2 Kg4 0-1

[Event "119th Scottish Championship"]
[Site "Glasgow"]
[Date "2012.07.14"]
[Round "8"]
[White "Hardarson, Jon Trausti"]
[Black "MacQueen, Calum"]
[Result "0-1"]
[WhiteElo "1774"]
[BlackElo "2233"]
[PlyCount "60"]
[EventDate "2012.07.07"]
[EventType "swiss"]
[EventRounds "9"]
[EventCountry "SCO"]
[Source "Chess Scotland"]
[SourceDate "2012.07.24"]

1. e4 c5 2. Nf3 d6 3. d4 cxd4 4. Nxd4 Nf6 5. Nc3 g6 6. Be3 a6 7. f3 b5 8. Qd2
Bb7 9. O-O-O Nbd7 10. g4 h6 11. Kb1 Nb6 12. Bd3 Bg7 13. h4 h5 14. g5 Nfd7 15.
f4 e5 16. fxe5 Nxe5 17. Rhf1 O-O 18. Nf3 b4 19. Bxb6 Qxb6 20. Ne2 a5 21. Nxe5
Bxe5 22. Rf3 a4 23. Rdf1 Rac8 24. Qe3 Qc7 25. Nf4 a3 26. Qf2 Bg7 27. Nxh5 gxh5
28. Rf6 Qc5 29. Qf3 Qe5 30. c3 bxc3 0-1

[Event "119th Scottish Championship"]
[Site "Glasgow"]
[Date "2012.07.14"]
[Round "8"]
[White "Einarsson, Oskar Long"]
[Black "Campbell, Eoin"]
[Result "0-1"]
[WhiteElo "1571"]
[BlackElo "1868"]
[PlyCount "90"]
[EventDate "2012.07.07"]
[EventType "swiss"]
[EventRounds "9"]
[EventCountry "SCO"]
[Source "Chess Scotland"]
[SourceDate "2012.07.24"]

1. e4 d6 2. d4 Nf6 3. Nc3 g6 4. Nf3 Bg7 5. Be2 O-O 6. O-O c6 7. h3 Nbd7 8. Be3
Qc7 9. Qd2 b5 10. a3 h6 11. Bxh6 Bb7 12. Bxg7 Kxg7 13. Rfe1 e5 14. Rad1 Rad8
15. b4 Rfe8 16. Bf1 exd4 17. Qxd4 Nf8 18. Qd2 c5 19. Nd5 Bxd5 20. exd5 N8d7 21.
c4 bxc4 22. Bxc4 cxb4 23. Qxb4 Rb8 24. Qc3 Rxe1+ 25. Rxe1 Rc8 26. Rc1 Nb6 27.
Nd2 Nbxd5 28. Qd4 Qb6 29. Qxb6 Nxb6 30. Rc2 d5 31. Bd3 Rxc2 32. Bxc2 Nc4 33.
Nb1 Nd7 34. Kf1 Nc5 35. Ke2 Kf6 36. f4 Ke6 37. g4 d4 38. f5+ Ke5 39. fxg6 fxg6
40. h4 Ne3 41. Bd3 Nxg4 42. Bc4 Nf6 43. Nd2 Kf4 44. Nf3 d3+ 45. Kf2 Ng4+ 0-1

[Event "119th Scottish Championship"]
[Site "Glasgow"]
[Date "2012.07.14"]
[Round "8"]
[White "Sengupta, Deep"]
[Black "Aagaard, Jacob"]
[Result "0-1"]
[WhiteElo "2548"]
[BlackElo "2506"]
[PlyCount "124"]
[EventDate "2012.07.07"]
[EventType "swiss"]
[EventRounds "9"]
[EventCountry "SCO"]
[Source "Chess Scotland"]
[SourceDate "2012.07.24"]

1. e4 c5 2. Nf3 e6 3. d4 cxd4 4. Nxd4 Nc6 5. Nc3 Qc7 6. Be3 a6 7. Qd2 Nf6 8.
O-O-O Be7 9. f3 O-O 10. g4 b5 11. g5 Nh5 12. Nce2 Rd8 13. Bh3 Ne5 14. Bg4 Nc4
15. Qd3 Nxe3 16. Qxe3 Nf4 17. Qxf4 Qxf4+ 18. Nxf4 Bxg5 19. Nde2 e5 20. Rd5
Bxf4+ 21. Nxf4 exf4 22. Rhd1 Ra7 23. Rc5 Kf8 24. Rd4 Ra8 25. c3 Rb8 26. Rd6 Ke7
27. Rcd5 h5 28. Bxh5 Rh8 29. Bg4 Rxh2 30. Rd4 a5 31. R6d5 d6 32. Bxc8 Rxc8 33.
Rxb5 Rf2 34. e5 dxe5 35. Rxe5+ Kf6 36. Rxa5 Rxf3 37. Rd6+ Ke7 38. Rb6 Rc7 39.
Re5+ Kd8 40. Rb8+ Kd7 41. Rb4 f6 42. Rd4+ Kc8 43. Re8+ Kb7 44. a4 g5 45. Rb4+
Ka7 46. Rbb8 Rf1+ 47. Kc2 Rf2+ 48. Kb1 g4 49. a5 g3 50. Ra8+ Kb7 51. Rab8+ Kc6
52. Rb6+ Kc5 53. Rxf6 g2 54. Re5+ Kc4 55. Rg5 Rb7 56. Kc1 Kb3 57. Rfg6 Rf1+ 58.
Kd2 Rd7+ 59. Ke2 f3+ 60. Ke3 Re7+ 61. Kd4 Rd1+ 62. Kc5 f2 0-1

[Event "119th Scottish Championship"]
[Site "Glasgow"]
[Date "2012.07.14"]
[Round "8"]
[White "Berry, Neil"]
[Black "Barnaure, Vlad Victor"]
[Result "0-1"]
[WhiteElo "2254"]
[BlackElo "2511"]
[PlyCount "122"]
[EventDate "2012.07.07"]
[EventType "swiss"]
[EventRounds "9"]
[EventCountry "SCO"]
[Source "Chess Scotland"]
[SourceDate "2012.07.24"]

1. d4 d6 2. g3 g6 3. c4 Bg7 4. Nc3 Nc6 5. Nf3 Bg4 6. d5 Bxf3 7. exf3 Nd4 8. Bg2
c5 9. dxc6 Nxc6 10. Bd2 Nf6 11. O-O O-O 12. f4 Qd7 13. Rc1 Rfd8 14. Qa4 Nd4 15.
Qxd7 Nxd7 16. Rfd1 Nc6 17. b3 Nc5 18. Ne2 a5 19. Rb1 Rdb8 20. Bc3 Bf8 21. Nd4
Nxd4 22. Bxd4 Ne6 23. Be3 Bg7 24. a3 Ra6 25. h4 b6 26. b4 axb4 27. axb4 Bc3 28.
Rb3 Bf6 29. Bf3 h5 30. Be4 Nc7 31. f5 Kg7 32. fxg6 fxg6 33. Kg2 Ra2 34. Rbb1
Na6 35. Rb3 Ra4 36. Rdb1 Nc7 37. Bc6 Ra6 38. Bf3 b5 39. c5 d5 40. Rd1 Rd8 41.
Rbd3 e6 42. Bd2 Ra2 43. Be1 Rda8 44. Kh3 Kf7 45. g4 hxg4+ 46. Bxg4 Rh8 47. f4
Rha8 48. Bf3 Rb2 49. Kg3 Rc2 50. h5 Rc4 51. hxg6+ Kxg6 52. Bg4 e5 53. f5+ Kf7
54. Bh5+ Ke7 55. Kg2 e4 56. Rh3 Rc2+ 57. Kf1 d4 58. Bg6 Nd5 59. Rh7+ Kf8 60.
Bh4 Ne3+ 61. Kg1 Bxh4 0-1

[Event "119th Scottish Championship"]
[Site "Glasgow"]
[Date "2012.07.14"]
[Round "8"]
[White "Gretarsson, Hjorvar Stein"]
[Black "Lagerman, Robert"]
[Result "1-0"]
[WhiteElo "2507"]
[BlackElo "2315"]
[PlyCount "59"]
[EventDate "2012.07.07"]
[EventType "swiss"]
[EventRounds "9"]
[EventCountry "SCO"]
[Source "Chess Scotland"]
[SourceDate "2012.07.24"]

1. d4 Nf6 2. c4 e6 3. Nc3 d5 4. cxd5 exd5 5. Bg5 Be7 6. e3 O-O 7. Bd3 c6 8. Qc2
Nbd7 9. Nge2 Re8 10. O-O Nf8 11. Rae1 g6 12. f3 Ne6 13. Bh4 Ng7 14. Kh1 Nf5 15.
Bf2 c5 16. Bxf5 Bxf5 17. e4 dxe4 18. fxe4 cxd4 19. Nxd4 Be6 20. Nxe6 fxe6 21.
Qb3 Qd7 22. Rc1 Ng4 23. Bg1 Bg5 24. Rcd1 Qc6 25. Nb5 Rad8 26. Rxd8 Bxd8 27. h3
Ne5 28. Bd4 Qxe4 29. Nd6 Qe2 30. Qd1 1-0

[Event "119th Scottish Championship"]
[Site "Glasgow"]
[Date "2012.07.14"]
[Round "8"]
[White "Das, Arghyadip"]
[Black "Cooksey, Paul S"]
[Result "1-0"]
[WhiteElo "2485"]
[BlackElo "2298"]
[PlyCount "95"]
[EventDate "2012.07.07"]
[EventType "swiss"]
[EventRounds "9"]
[EventCountry "SCO"]
[Source "Chess Scotland"]
[SourceDate "2012.07.24"]

1. e4 c5 2. Nc3 a6 3. Nf3 e6 4. d4 cxd4 5. Nxd4 Qc7 6. Be2 Nf6 7. O-O Bb4 8.
Qd3 Nc6 9. Kh1 Nxd4 10. Qxd4 Bc5 11. Qd2 b5 12. Qg5 Bd4 13. Bf4 h6 14. Qg3 Qc5
15. Rad1 Bb7 16. Bd6 Qb6 17. Rxd4 Qxd4 18. Rd1 Nxe4 19. Rxd4 Nxg3+ 20. hxg3 Bc6
21. a4 h5 22. axb5 axb5 23. Ba3 Rb8 24. Kg1 g5 25. Nxb5 Bxb5 26. Rb4 O-O 27.
Rxb5 Rxb5 28. Bxb5 Rc8 29. c4 Rc7 30. f3 f6 31. Kf2 Rb7 32. Ba4 Kf7 33. Bc2 f5
34. f4 gxf4 35. gxf4 h4 36. Ke2 Kf6 37. Bd6 Kg6 38. b4 Rb6 39. Bc5 Rc6 40. Kd3
d6 41. Bd4 Rc8 42. b5 Kf7 43. Bf2 Ke7 44. b6 Ra8 45. c5 dxc5 46. Bxc5+ Kd7 47.
Bd1 Ra5 48. b7 1-0

[Event "119th Scottish Championship"]
[Site "Glasgow"]
[Date "2012.07.14"]
[Round "8"]
[White "Arakhamia Grant, Ketevan"]
[Black "Mitchell, Martin"]
[Result "1-0"]
[WhiteElo "2416"]
[BlackElo "2217"]
[PlyCount "63"]
[EventDate "2012.07.07"]
[EventType "swiss"]
[EventRounds "9"]
[EventCountry "SCO"]
[Source "Chess Scotland"]
[SourceDate "2012.07.24"]

1. e4 d6 2. d4 Nf6 3. Nc3 g6 4. Nge2 Bg7 5. g3 O-O 6. Bg2 Nbd7 7. O-O c5 8. h3
Rb8 9. a4 b6 10. Bg5 Bb7 11. Qd2 Re8 12. Rfe1 a6 13. Rad1 b5 14. axb5 axb5 15.
Nd5 Bxd5 16. exd5 Nb6 17. dxc5 Nc4 18. Qb4 dxc5 19. Qxc5 Nxb2 20. Rb1 Na4 21.
Qa3 Qc8 22. Bf4 Ra8 23. d6 Ra6 24. Rxb5 Ne4 25. Bxe4 Nc3 26. d7 Qxd7 27. Qxa6
Nxe2+ 28. Rxe2 Qd1+ 29. Kg2 Qxe2 30. Qc6 Bd4 31. Qxe8+ Kg7 32. Be5+ 1-0

[Event "119th Scottish Championship"]
[Site "Glasgow"]
[Date "2012.07.14"]
[Round "8"]
[White "Brunello, Marina"]
[Black "Enchev, Ivajlo"]
[Result "1-0"]
[WhiteElo "2240"]
[BlackElo "2413"]
[PlyCount "99"]
[EventDate "2012.07.07"]
[EventType "swiss"]
[EventRounds "9"]
[EventCountry "SCO"]
[Source "Chess Scotland"]
[SourceDate "2012.07.24"]

1. e4 e5 2. Nf3 Nc6 3. d4 exd4 4. Nxd4 Bc5 5. Nb3 Bb4+ 6. c3 Be7 7. Bf4 Bg5 8.
Bg3 Nf6 9. Bd3 d5 10. e5 Ne4 11. f4 Be7 12. Bxe4 dxe4 13. Qxd8+ Nxd8 14. N1d2
Bf5 15. Nd4 g6 16. O-O Ne6 17. Nxe6 fxe6 18. Rfe1 O-O-O 19. Nxe4 Rd3 20. Bf2
Rhd8 21. Kf1 h6 22. Ng3 Bg4 23. Ne4 Bf5 24. Ng3 Bg4 25. h3 Bd1 26. Ne4 Ba4 27.
Bc5 Bh4 28. Bf2 Be7 29. Be3 Bb5 30. Kg1 Bh4 31. Bf2 Bxf2+ 32. Kxf2 Rf8 33. g3
g5 34. Nc5 Rd2+ 35. Ke3 Rxb2 36. Nxe6 gxf4+ 37. gxf4 Re8 38. Nd4 Bc4 39. a4 Bd5
40. Rg1 Rh2 41. Rg3 h5 42. Nf5 Rc2 43. Rg7 Bb3 44. Ne7+ Kb8 45. f5 Rxc3+ 46.
Kf4 Rc4+ 47. Kg5 Re4 48. Ng6 Bxa4 49. Rxa4 Rxa4 50. f6 1-0

[Event "119th Scottish Championship"]
[Site "Glasgow"]
[Date "2012.07.14"]
[Round "8"]
[White "Green, Andrew"]
[Black "Dunnington, Angus J"]
[Result "0-1"]
[WhiteElo "2144"]
[BlackElo "2386"]
[PlyCount "54"]
[EventDate "2012.07.07"]
[EventType "swiss"]
[EventRounds "9"]
[EventCountry "SCO"]
[Source "Chess Scotland"]
[SourceDate "2012.07.24"]

1. e4 d5 2. exd5 Qxd5 3. Nf3 Nf6 4. d4 g6 5. Be2 Bg7 6. O-O O-O 7. c4 Qd6 8.
Nc3 c6 9. Ne5 Be6 10. Bf4 Qd8 11. Qd2 Nbd7 12. Nf3 Bg4 13. h3 Bxf3 14. Bxf3 e5
15. dxe5 Nxe5 16. Qe2 Nxf3+ 17. Qxf3 Qd4 18. Bg5 Nd7 19. Qe4 Nc5 20. Qxd4 Bxd4
21. Nd1 a5 22. Rb1 Ne4 23. Bc1 Rfe8 24. Ne3 f5 25. Nc2 Bc5 26. Ne3 f4 27. Nd1
Ng3 0-1

[Event "119th Scottish Championship"]
[Site "Glasgow"]
[Date "2012.07.14"]
[Round "8"]
[White "Rysbaeva, Korlan"]
[Black "Tate, Alan"]
[Result "1/2-1/2"]
[WhiteElo "2057"]
[BlackElo "2346"]
[PlyCount "89"]
[EventDate "2012.07.07"]
[EventType "swiss"]
[EventRounds "9"]
[EventCountry "SCO"]
[Source "Chess Scotland"]
[SourceDate "2012.07.24"]

1. e4 g6 2. d4 Bg7 3. Nf3 d6 4. Bd3 Nf6 5. O-O O-O 6. c3 c5 7. Re1 cxd4 8. cxd4
Bg4 9. h3 Bxf3 10. Qxf3 Nc6 11. d5 Nd4 12. Qd1 Nd7 13. Bg5 Qb6 14. Qd2 Ne5 15.
Be2 Rac8 16. Na3 Rc7 17. Be3 Nxe2+ 18. Qxe2 Qa6 19. Nb5 Rc4 20. Nxa7 Rxe4 21.
Qxa6 bxa6 22. Bg5 Rxe1+ 23. Rxe1 f6 24. Bd2 Kf7 25. Nc6 Rc8 26. Rc1 Ke8 27.
Nxe5 Rxc1+ 28. Bxc1 fxe5 29. b4 e6 30. dxe6 Ke7 31. Bb2 Kxe6 32. f4 Kd5 33. Kf2
Kc4 34. fxe5 Bxe5 35. Ba3 d5 36. Ke3 Bc3 37. g4 d4+ 38. Ke4 d3 39. Ke3 Bd4+ 40.
Kd2 Bc3+ 41. Ke3 d2 42. Ke2 Kd4 43. b5 axb5 44. Bf8 Kc4 45. Be7 1/2-1/2

[Event "119th Scottish Championship"]
[Site "Glasgow"]
[Date "2012.07.14"]
[Round "8"]
[White "Vincenti, David"]
[Black "McKay, Roderick M"]
[Result "0-1"]
[WhiteElo "2091"]
[BlackElo "2376"]
[PlyCount "46"]
[EventDate "2012.07.07"]
[EventType "swiss"]
[EventRounds "9"]
[EventCountry "SCO"]
[Source "Chess Scotland"]
[SourceDate "2012.07.24"]

1. d4 d5 2. c4 c6 3. cxd5 cxd5 4. Nf3 Nf6 5. Nc3 Nc6 6. Bf4 a6 7. e3 Qb6 8. Rb1
Bf5 9. Bd3 Bxd3 10. Qxd3 e6 11. O-O Be7 12. h3 O-O 13. a3 Na5 14. Ne5 Qb3 15.
Qd1 Rfc8 16. Qxb3 Nxb3 17. Na4 Rc2 18. Nb6 Re8 19. f3 Nh5 20. Bh2 Bg5 21. f4
Bd8 22. Ned7 Bxb6 23. Nxb6 Rc6 0-1

[Event "119th Scottish Championship"]
[Site "Glasgow"]
[Date "2012.07.14"]
[Round "9"]
[White "Teterev, Vitaly"]
[Black "Thorfinnsson, Bragi"]
[Result "1/2-1/2"]
[WhiteElo "2530"]
[BlackElo "2465"]
[PlyCount "27"]
[EventDate "2012.07.07"]
[EventType "swiss"]
[EventRounds "9"]
[EventCountry "SCO"]
[Source "Chess Scotland"]
[SourceDate "2012.07.24"]

1. Nf3 Nf6 2. g3 d5 3. Bg2 g6 4. d4 Bg7 5. c4 O-O 6. O-O c6 7. cxd5 cxd5 8. Ne5
e6 9. Nc3 Nfd7 10. Nf3 Nc6 11. Bf4 Qb6 12. Na4 Qa6 13. Rc1 b5 14. Nc3 1/2-1/2

[Event "119th Scottish Championship"]
[Site "Glasgow"]
[Date "2012.07.14"]
[Round "9"]
[White "Nikolov, Momchil"]
[Black "Gormally, Daniel"]
[Result "1/2-1/2"]
[WhiteElo "2556"]
[BlackElo "2505"]
[PlyCount "81"]
[EventDate "2012.07.07"]
[EventType "swiss"]
[EventRounds "9"]
[EventCountry "SCO"]
[Source "Chess Scotland"]
[SourceDate "2012.07.24"]

1. d4 Nf6 2. c4 g6 3. f3 Nc6 4. Nc3 Bg7 5. e4 e5 6. dxe5 Nh5 7. g3 Bxe5 8. Nge2
d6 9. Bg2 f5 10. O-O O-O 11. exf5 Bxf5 12. Bh6 Bg7 13. Bxg7 Nxg7 14. Qd2 Be6
15. b3 Nf5 16. Nf4 Bf7 17. Nfd5 Bxd5 18. Nxd5 Ne5 19. f4 Ng4 20. h3 Nf6 21. g4
Ng7 22. Nxf6+ Qxf6 23. Bxb7 Rae8 24. Bc6 Re7 25. Rae1 Rxe1 26. Rxe1 Kh8 27. Bd5
Qh4 28. Kg2 h5 29. Qf2 Qf6 30. Re4 c6 31. Bxc6 Ne6 32. Kg3 Nxf4 33. Qd2 g5 34.
Re1 Nd3 35. Re2 Ne5 36. Be4 Qf1 37. Qxg5 Rf3+ 38. Bxf3 Qxf3+ 39. Kh4 Qxe2 40.
Qh6+ Kg8 41. Qe6+ 1/2-1/2

[Event "119th Scottish Championship"]
[Site "Glasgow"]
[Date "2012.07.14"]
[Round "9"]
[White "Hawkins, Jonathan"]
[Black "Bejtovic, Jasmin"]
[Result "1-0"]
[WhiteElo "2499"]
[BlackElo "2385"]
[PlyCount "71"]
[EventDate "2012.07.07"]
[EventType "swiss"]
[EventRounds "9"]
[EventCountry "SCO"]
[Source "Chess Scotland"]
[SourceDate "2012.07.24"]

1. d4 Nf6 2. Nf3 g6 3. c4 Bg7 4. g3 O-O 5. Bg2 c5 6. O-O d6 7. dxc5 dxc5 8. Ne5
Nfd7 9. Nd3 Nc6 10. Nc3 Nde5 11. Nxc5 Nxc4 12. Qa4 Nb6 13. Qh4 e6 14. Bg5 f6
15. Bh6 Qe7 16. Be3 g5 17. Qg4 Ne5 18. Qb4 Nbc4 19. Bd4 a5 20. Qb5 Nd6 21. Qa4
Nec4 22. N3e4 Rb8 23. Rfd1 b5 24. Qb3 f5 25. Bxg7 Kxg7 26. Nxd6 Nxd6 27. Qc3+
Kg8 28. Qxa5 Nc4 29. Qb4 f4 30. b3 fxg3 31. hxg3 Ne5 32. Rac1 Bb7 33. Bxb7 Rxb7
34. Qd4 Nc6 35. Qe4 Rb6 36. Rd7 1-0

[Event "119th Scottish Championship"]
[Site "Glasgow"]
[Date "2012.07.14"]
[Round "9"]
[White "Dunnington, Angus J"]
[Black "Hera, Imre Jr"]
[Result "0-1"]
[WhiteElo "2386"]
[BlackElo "2568"]
[PlyCount "48"]
[EventDate "2012.07.07"]
[EventType "swiss"]
[EventRounds "9"]
[EventCountry "SCO"]
[Source "Chess Scotland"]
[SourceDate "2012.07.24"]

1. Nf3 Nf6 2. g3 d5 3. Bg2 c6 4. O-O Bg4 5. d3 e6 6. Nbd2 Be7 7. b3 O-O 8. Bb2
Nbd7 9. h3 Bh5 10. c4 a5 11. a3 Bd6 12. Bc3 Qe7 13. Qc1 e5 14. e4 dxe4 15. dxe4
Nc5 16. Qc2 Bxf3 17. Bxf3 Ne6 18. Qb2 Nd4 19. b4 Nxf3+ 20. Nxf3 Nxe4 21. c5 Bc7
22. Bxe5 Ng5 23. Bxc7 Nxf3+ 24. Kg2 Qe4 0-1

[Event "119th Scottish Championship"]
[Site "Glasgow"]
[Date "2012.07.14"]
[Round "9"]
[White "Barnaure, Vlad Victor"]
[Black "Arakhamia Grant, Ketevan"]
[Result "0-1"]
[WhiteElo "2511"]
[BlackElo "2416"]
[PlyCount "106"]
[EventDate "2012.07.07"]
[EventType "swiss"]
[EventRounds "9"]
[EventCountry "SCO"]
[Source "Chess Scotland"]
[SourceDate "2012.07.24"]

1. d4 Nf6 2. c4 g6 3. Nc3 Bg7 4. e4 d6 5. f3 O-O 6. Be3 c5 7. d5 e6 8. Qd2 exd5
9. cxd5 a6 10. a4 Re8 11. Be2 b6 12. Rb1 Qc7 13. b3 h5 14. Bd3 Nbd7 15. h3 Ne5
16. Be2 Rb8 17. Qc2 b5 18. Bd2 b4 19. Nd1 Nxd5 20. exd5 Bf5 21. Qa2 c4 22. Ne3
Bxb1 23. Qxb1 c3 24. Bc1 c2 25. Nxc2 Nd3+ 26. Kf1 Qc3 27. Bg5 Rbc8 28. Nd4 Nf2
29. Kxf2 Bxd4+ 30. Kf1 Be3 31. Bxe3 Qxe3 32. Bc4 h4 33. f4 Re4 34. f5 gxf5 35.
Nf3 Rcxc4 36. bxc4 Rxc4 37. Ne1 Rf4+ 38. Nf3 Rc4 39. Ne1 b3 40. Qb2 Rc1 41. Qe2
Qf4+ 42. Qf2 Qxf2+ 43. Kxf2 b2 44. Nd3 b1=Q 45. Nxc1 Qc2+ 46. Ne2 Qc5+ 47. Ke1
Qxd5 48. Kf2 Qc5+ 49. Kf3 Qa3+ 50. Kf4 Qxa4+ 51. Kg5 Qe4 52. Re1 Kg7 53. Kh5
Kf6 0-1